| 000 | 00844nam a2200253 i 4500 | ||
|---|---|---|---|
| 001 | 117449 | ||
| 003 | ES-MaACL | ||
| 005 | 20230906190915.0 | ||
| 007 | t| | ||
| 008 | 070214s1982 sp af |||| | spa d | ||
| 080 | _a792.3(45)"16/17"(0:738.1) | ||
| 080 | _a738.1Bustelli, Antonio | ||
| 100 | 1 |
_aPechman, Günther von. _989849 |
|
| 245 | 1 | 3 |
_aLa comedia del arte en porcelana de Bustelli / _cGünter von Pechman ; versión de Emilio Álvarez. |
| 260 |
_aMadrid : _bAlianza, _c1982. |
||
| 300 |
_a41 p. láms. 1-6 ; _c18 cm. |
||
| 490 | 1 | _aObras maestras del arte universal | |
| 600 | 1 | 4 |
_aBustelli, Franz Anton. _9151155 |
| 650 | 4 |
_aCommedia dell'arte. _9143071 |
|
| 700 | 1 |
_aAlvarez, Emilio _c(traductor) _9141446 |
|
| 830 | 0 |
_aObras maestras del arte universal _9186400 |
|
| 852 |
_aES-MaACL _j2122-F-2 |
||
| 999 |
_c117449 _d117449 |
||